| 000 | 00599nam a2200241Ia 4500 | ||
|---|---|---|---|
| 003 | 0100 | ||
| 008 | 130303s9999 xx 000 0 und d | ||
| 020 | _a0268010676 | ||
| 040 | _cARRUPELIB | ||
| 050 | _aB2948.M18 1976 | ||
| 245 | _aHegel | ||
| 245 | _ba collection of critical essays | ||
| 260 | _aGarden City, New York | ||
| 260 | _bAnchor Books | ||
| 260 | _C1972 | ||
| 300 | _aviii | ||
| 300 | _b 350p. 19cm | ||
| 440 | _aModern Studies in philosophy | ||
| 650 | _aPHILOSOPHY | ||
| 650 | _bBemba (African people)--History | ||
| 700 | _aMacIntyre, Alasdair (ed.) | ||
| 942 | 0 | 0 | _01 |
| 999 |
_c31769 _d31769 |
||